| 000 | 00608nam a22001937a 4500 | ||
|---|---|---|---|
| 003 | 0 | ||
| 005 | 20240208071720.0 | ||
| 008 | 240208b xxu||||| |||| 00| 0 eng d | ||
| 020 | _a978-1-394-153284-1 | ||
| 050 |
_aHG 4521 _b.R43 2023 |
||
| 245 | _aReal estate investing : all-in-one fo dummies | ||
| 260 |
_aHoboken, New Jersey _bJohn Wiley & Sons, Inc. _cc2023. |
||
| 300 |
_axvii, 601 pages ; _c24 cm. |
||
| 504 | _aIncludes bibliographical references, index, and glossary. | ||
| 650 | _aReal estate--investments. | ||
| 650 | _aInvestments. | ||
| 650 | _aFinance, personal. | ||
| 942 |
_2lcc _cBK |
||
| 999 |
_c365910 _d365910 |
||